000 00906nam a2200253 a 4500
001 000008209
005 20200929154502.0
008 090915s1980 dr 000 0 spa d
040 _aDO-SdBNP
082 _a664.07
_bP438e
100 1 _aPérez de Incháustegui, Josefina
_d1944-
_922262
245 1 0 _aEvaluación de la calidad de aguas, alimentos y bebidas en República Dominicana /
_cJosefina Pérez de Incháustegui; presentación Antonio Rosario.
260 _aSanto Domingo :
_bUASD,
_c1980.
300 _a343 p. :
_btablas. ,il. ;
_c27 cm.
490 1 _aCiencia y tecnología
500 _aIncluye datos biográficos del autor
650 4 _aAnálisis del agua
_922263
650 4 _aAgua
_xBacteriología
_922264
650 4 _aAlimentos
_xAnálisis
_922265
650 4 _aBebidas
_xAnálisis
_922266
700 1 _aRosario , Antonio
_922267
830 0 _aCiencia y tecnología
_917780
049 _aBNPD
999 _c7983
_d7983